00546nam a2200205 a 4500001001300000003000900013005001700022008004100039020001000080082001700090100002800107245003700135260004200172300000900214500003500223505002400258650001600282650001400298700002800312nice12345678IN_TiNIC20260116013512.0050524s1985 dela grp 000 0 eng  ac60000a709.054bBAN aBanerjea, Jitendra Nath aDevelopment of Hindu Iconography aDelhibMunshiram Manoharlal Pubc1985 a653p aincludes index and biblioraphy2 aBibliography, Index aIconography aArt-Hindu1 aBanerjea, Jitendra Nath